00878pab a2200169 454500008004000000100002100040245006100061260000900122300001200131362000800143520043900151650002600590650002400616650003000640650002200670773001600692180718b1999 xxu||||| |||| 00| 0 eng d aGovindappa, G.T. aRural women entrepreneurship: constraints and strategies c1999 ap.11-14 aNov aThe individual is one of the very important factors in entrepreneurship. The individuals with high-need for achievement become entrepreneurs. Entrepreneurship development among rural women should first prepare them through motivation training for entrepreneurial venture. Rural women also face social and technological risks. Strategy for development of entrepreneurship among these women should address these risks also. - Reproduced aEntrepreneurs - India aRural women - India aWomen in business - India aWomen in business aKurukshetra